Normal view
MARC view
- Shahzad, Qudrat Ullah
Entry Personal Name
001 - CONTROL NUMBER
- control field: 14108
003 - CONTROL NUMBER IDENTIFIER
- control field: NUST
005 - DATE AND TIME OF LATEST TRANSACTION
- control field: 20190414103204.0
008 - FIXED-LENGTH DATA ELEMENTS
- fixed length control field: 190414|| aca||aabn | a|a d
040 ## - CATALOGING SOURCE
- Original cataloging agency: NUST
- Transcribing agency: NUST
100 ## - HEADING--PERSONAL NAME
- Personal name: Shahzad, Qudrat Ullah
670 ## - SOURCE DATA FOUND
- Source citation: Work cat.: (NUST): Shahzad, Qudrat Ullah, Asad Ali Ahmed Ki Nasr Nigari /, 2018.
